Pokémon de type Glace - Mort Subite - Statistiques

Statistiques générales
  • Ce quiz a été pris 514 fois
  • Le résultat moyen est 8 sur 20
Answers on the Grid
Answers color-coded by a green-red scale on the quiz's grid according to % correct below.
Sorbébé
Piétacé
Blizzeval
Crabominable
Glaivodo
Hotte-de-Fer
Phogleur
Frissonille
Blizzi
Kyurem
M. Glaquette
Amagara
Farfuret
Baojian
Cadoizo
Artikodin
Lippoutou
Givrali
Polagriffe
Lokhlass
Otaria
Galvagon
Kokiyas
Pelage-Sablé
Chef-de-Fer
Ampibidou
Compagnol
Flotillon
Suicune
Nidoqueen
Minisange
Amovénus
Cerbyllin
Pingoléon
Virovent
Kaorine
Pitrouille
Cremy
Ludicolo
Séléroc
 
Statistiques - réponses
Réponse % Correct
Blizzi
56%
Sorbébé
51%
Artikodin
48%
Givrali
48%
Polagriffe
48%
Blizzeval
46%
Phogleur
46%
M. Glaquette
45%
Farfuret
42%
Kyurem
42%
Lippoutou
42%
Lokhlass
42%
Amagara
39%
Cadoizo
39%
Frissonille
38%
Baojian
35%
Piétacé
35%
Glaivodo
33%
Hotte-de-Fer
33%
Crabominable
32%
Aucun quiz correspondant
Distribution des résultats
% des personnes avec chaque résultat
Percentile par nombre de réponses
Votre historique - résultats
Vous n’avez pas pris ce quiz